| 000 | 01065nam a2200229Ia 4500 | ||
|---|---|---|---|
| 003 | Ost | ||
| 005 | 20260507075549.0 | ||
| 008 | 260507s9999||||xx |||||||||||||| ||und|| | ||
| 040 | _cfsecg | ||
| 041 | _aara | ||
| 082 | _a350 | ||
| 100 |
_aالخفاف، عبد المعطي _eمؤلف |
||
| 245 | 0 |
_aمبادئ الإدارة الحديثة : _bمنهجية حديثة لتنمية الموارد البشرية / _c عبد المعطي الخفاف |
|
| 260 |
_aعمان: _bدار دجلة ناشرون وموزعون, _c2007 |
||
| 300 |
_a220 صفحة؛ _bإيضاحات ؛ _c24 سم |
||
| 504 | _aفي سنة 2007 اقتني بـ9 نسخ سنة الكتاب 2006 ؛ و في سنة 2010 بـ10 نسخ سنة الكتاب 2007 بيبليوغرافيا: ص ص.213-220 | ||
| 520 | _aتضم تجليات فهم الإدارة، قيادة العمل، التطور الإداري، تحديث الإدارة | ||
| 653 | _aإدارة الأفراد | ||
| 653 | _aالإدارة العامة | ||
| 653 | _aالتنمية الإدارية | ||
| 942 | _cكتاب | ||
| 999 |
_c44906 _d44906 |
||